La primera colonia escolar de Madrid (1887) / (Record no. 162582)

MARC details
000 -LEADER
campo de control de longitud fija 00844nam a22001815i 4500
001 - NÚMERO DE CONTROL
campo de control 162582
003 - IDENTIFICADOR DE NÚMERO DE CONTROL
campo de control ES-MaACL
005 - FECHA Y HORA DE LA ÚLTIMA TRANSACCIÓN
campo de control 20230906212547.0
008 - DATOS DE LONGITUD FIJA--INFORMACIÓN GENERAL
campo de control de longitud fija 990429s1888 sp |||| | spa d
245 03 - MENCIÓN DEL TÍTULO
Título La primera colonia escolar de Madrid (1887) /
Mención de responsabilidad, etc. Museo Pedagógico de Instrucción Primaria.
260 ## - PUBLICACIÓN, DISTRIBUCIÓN, ETC.
Lugar de publicación, distribución, etc. Madrid :
Nombre del editor, distribuidor, etc. [s.n.],
Fecha de publicación, distribución, etc. 1888 (
Fabricante Estab. Tip. de Fortanet)
300 ## - DESCRIPCIÓN FÍSICA
Extensión 75 p., [2] h. pleg. ;
Dimensiones 23 cm.
530 ## - NOTA DISPONIBLE DE FORMULARIO FÍSICO ADICIONAL
Nota de formato físico adicional disponible Disponible en formato digital.
650 #4 - PUNTO DE ACCESO ADICIONAL DE MATERIA--TÉRMINO DE MATERIA
Término de materia o nombre geográfico como elemento de entrada Colonias escolares-
Subdivisión geográfica Madrid.
9 (RLIN) 150840
710 2# - ENTRADA AGREGADA--NOMBRE DE ENTIDAD CORPORATIVA
Nombre de entidad corporativa o nombre de jurisdicción como elemento de entrada Museo de Instrucción Primaria (España)
9 (RLIN) 172176
852 ## - LOCALIZACIÓN
Ubicación ES-MaACL
Número de control de estantería T-1139-F-7
Nota libre -- Enc. hol., conservando la cub. original
-- -- Enc. en un vol. facticio
856 ## - LOCALIZACIÓN Y ACCESO ELECTRÓNICOS
Identificador Uniforme de Recursos <a href="https://bibliotecavirtualmadrid.comunidad.madrid/bvmadrid_publicacion/es/consulta/registro.do?id=242">https://bibliotecavirtualmadrid.comunidad.madrid/bvmadrid_publicacion/es/consulta/registro.do?id=242</a>
Nota pública Biblioteca Digital de la Comunidad de Madrid
Holdings
Estatus retirado Estado de pérdida Estado de daño No para préstamo Colección Biblioteca de origen Biblioteca actual Ubicación en estantería Fecha de adquisición Total de préstamos Signatura topográfica completa Código de barras Visto por última vez Precio de reemplazo Tipo de ítem Koha
        Colección de folletos Biblioteca del Ateneo de Madrid Biblioteca del Ateneo de Madrid Depósito folletos 17/01/2008   T-1139-F-7 1170326 23/02/2023 23/02/2023 Folleto